000 00320nam a22001337a 4500
008 171019b xxu||||| |||| 00| 0 eng d
020 _a9780256138993
041 _aeng
080 _24TH
_a338
100 _a53
101 _aMEN
245 _aMANUFACTURING PLANNING AND CONTROL SYSTEMS
_cVOLLMANN,TH.E
942 _2udc
_cBK
999 _c34903
_d34903